Тестове по български език и литература (Запис номер 50269)
[ съкратено ]
| 000 -Лидер | |
|---|---|
| Контролно поле с фиксирана дължина | 01990nam a2200445 a 4500 |
| 003 - Код на организацията, давaща контролен номер | |
| Контролно поле | BLK |
| 005 - Дата и час на последна редакция | |
| Контролно поле | 20241216164640.0 |
| 008 - Елементи от данни с фиксирана дължина | |
| fixed length control field | 180408b bul|||||r ||||||| ||bul|| |
| 010 ## - Наследен системен номер | |
| LC control number | KNG00054140000 |
| 020 ## - Международен стандартен номер на книга ISBN | |
| Международен стандартен номер на книга ISBN | 954-649-640-5 |
| 040 ## - Източник на каталожния запис | |
| Идентификатор на билиотеката - собственик на записа | BLK |
| 041 ## - Код за език | |
| Код за езика на текст/звукозапис или на отделно заглавие | Български |
| Код за езика КДБФ | Български |
| 080 ## - УДК | |
| Текстов определител УДК | Български език |
| УДК код - определител по УДК | 811.163.2 |
| УДК определител | (079)(075.3) |
| УДК - код + определител | 811.163.2(079)(075.3) |
| 080 ## - УДК | |
| Текстов определител УДК | Българска литература |
| УДК код - определител по УДК | 821.163.2 |
| УДК определител | (079)(075.3) |
| УДК - код + определител | 821.163.2(079)(075.3) |
| 080 ## - УДК | |
| Текстов определител УДК | Литературна дейност. Редактиране. Култура на речта. Стилистика. Литературна техника |
| УДК код - определител по УДК | 808 |
| УДК определител | (075.3) |
| УДК - код + определител | 808(075.3) |
| 100 ## - Редна дума - Автор | |
| Автор | Радев, Радослав Димитров |
| R(LIN) | 364728 |
| 139 ## - Редно поле | |
| Редна дума | Радев, Радослав Димитров и др. |
| Авторски знак | Рад - Р 12 |
| 245 10 - Сведения за заглавието | |
| Заглавие | Тестове по български език и литература |
| Подзаглавни данни | За ХІ и ХІІ кл. |
| Редно поле (дума) | Радослав Димитров Радев; съавт. Койка Попова; съавт. Станимир Цветков. |
| 257 ## - Страна на издаване | |
| Страна на създаване/издаване | България |
| 260 ## - Област на издателските данни | |
| Име на издателя, разпространителя и проч. | Сиела Софт енд Паблишинг |
| Година на издаване | 2004 |
| Място на издаване, разпространение и проч. | София |
| 300 ## - Физическа характеристика | |
| Страници | 152 с. |
| Размери/Мащаб | 29 см |
| 380 ## - Жанр | |
| Жанр | Езикознание. Филология |
| 500 ## - Общи забележки | |
| Забележка | Офс. изд. |
| 650 #4 - Допълнително описание по предмет – тема | |
| Основно описание – тема или топоним | Български език - тестове - учебни помагала |
| 9 (RLIN) | 244102 |
| 650 #4 - Допълнително описание по предмет – тема | |
| Основно описание – тема или топоним | Българска литература - тестове - учебни помагала |
| 9 (RLIN) | 259739 |
| 653 ## - Ключова дума – ненормативна | |
| Ключова дума | български език |
| 653 ## - Ключова дума – ненормативна | |
| Ключова дума | българска литература |
| 653 ## - Ключова дума – ненормативна | |
| Ключова дума | тестове |
| 653 ## - Ключова дума – ненормативна | |
| Ключова дума | ХІ кл. |
| 653 ## - Ключова дума – ненормативна | |
| Ключова дума | ХІІ кл. |
| 700 1# - Други автори (авторска отговорност) | |
| Лично име | Попова, Койка |
| Автороска отговорност (Описва отношението между автора и произведението) | съавт. |
| 9 (RLIN) | 365596 |
| 700 1# - Други автори (авторска отговорност) | |
| Лично име | Цветков, Станимир |
| Автороска отговорност (Описва отношението между автора и произведението) | съавт. |
| 9 (RLIN) | 283106 |
| 852 ## - Местоположение | |
| Форматна сигнатура | Цб ІІ 13239 |
| Фондова буква | Хранилище |
| 856 4# - Електронен адрес и достъп | |
| Електронен формат | pdf - файл |
| 856 4# - Електронен адрес и достъп | |
| Електронен формат | pdf - файл |
| 999 ## - СИСТЕМНИ КОНТРОЛНИ НОМЕРА | |
| Koha biblionumber | 50269 |
| Koha biblioitemnumber | 50269 |
| 942 ## - АРТИКУЛИ | |
| Вид на библиотечния материал | Книги |
| Скрит в OPAC | Не |
| Периодичен библиозапис | Да |
| 944 ## - СЪЗДАВАНЕ И РЕДАКЦИЯ на ЗАПИСА | |
| Създаване/Редакция | Създаване |
| Дата на регистрацията/редакция | 01.06.2005 |
| Служител, извършил регистрацията/редакцията | 30550 |
| Статус, дата на статуса | Кети Илиева |
| 944 ## - СЪЗДАВАНЕ И РЕДАКЦИЯ на ЗАПИСА | |
| Създаване/Редакция | Редакция |
| Дата на регистрацията/редакция | 18.01.2013 |
| 999 ## - СИСТЕМНИ КОНТРОЛНИ НОМЕРА | |
| Koha biblioitemnumber | 50269 |
| Код за отписване | Код за изгубен артикул | Код за повреда | Коз за рестрикции | Код за отдаване | Артикулен № | Име на библиотеката - собственик | Име на библиотеката, в която се намира в момента | Статус (Текущо местоположение) | Дата на вписване в системата | Местоположение - отдел | Цена в лева | Инвентарен номер | Систематично азбучна сигнатура | Баркод | Номер на екземпляра | Цена в евро | Служебна бележка | Служебен тип на артикула | Източник на класификационната схема |
|---|---|---|---|---|---|---|---|---|---|---|---|---|---|---|---|---|---|---|---|
| Изтеглен | Не е изгубен | Не е повреден | без рестрикции | заемане за дома | 78693 | Регионална библиотека "Любен Каравелов" Русе | Регионална библиотека "Любен Каравелов" Русе | Заемна - подръчен фонд | 2005-05-31 | Заемна - подръчен фонд | 7.50 | 120000694639 | П 808.67/Р 12 | 120000694639 | 1 | 3.83 | Дост: Pk Вид: Ф N: 12 Дата: 31.05.2005 Дата инв: 08.02.2018 Бележки инв: П2018 | Книги | |
| Не е изгубен | Не е повреден | само за читалня | ползва се в читалня | 78694 | Регионална библиотека "Любен Каравелов" Русе | Регионална библиотека "Любен Каравелов" Русе | Хранилище | 2005-05-31 | Основен фонд - ползва се само за читалня | 7.50 | 120000694640 | Цб ІІ 13239 | 120000694640 | 2 | 3.83 | Дост: Pk Вид: Ф N: 12 Дата: 31.05.2005 Дата инв: 22.06.2010 Бележки инв: 2010 | Книги | Universal Decimal Classification |